Alligator, Crocodile, Caiman, or Gharial? - Statistics

General Stats
  • This quiz has been taken 451 times
  • The average score is 4 of 8
Answer Stats
Question Answer % Correct
Which of these IS NOT a crocodile?
82%
Which of these is a crocodile?
74%
Which of these is a gharial?
68%
Which of these is a saltwater crocodile?
59%
Which of these are crocodilian eggs?
49%
Which of these is an alligator?
42%
Which of these is the region inhabited by saltwater crocodiles?
42%
And finally, which of these animals are most closely (genetically) related to crocodilians?
34%
No matching quizzes found
Score Distribution
Percent of People with Each Score
Percentile by Number Answered
Your Score History
You have not taken this quiz